000 00662nam a2200217Ia 4500
003 OSt
005 20220107122745.0
008 130318s9999 xx 000 0 und d
020 _a9788126536054
040 _cIIITM-K
082 _a006.82 OTT/S
100 _aOttenheimer, Davi
_95046
245 _aSecuring the virtual environment:
_bHow to defend the enterprise against attack
_cby Davi Ottenheimer; Matthew Wallace
260 _bWiley,
_aNew Delhi,
_c2012.
300 _axxvi, 425p.
_e1 DVD
650 _aVIRTUAL SYSTEMS
_95047
650 _aSYSTEM SECURITY
_95048
650 _aCLOUD COMPUTING
_95049
700 _aWallace, Matthew
_95050
942 _2ddc
_cBK
999 _c4124
_d4124